000 00504nam a22001937a 4500
003 MPLRDC
005 20220104124053.0
008 210129b ||||| |||| 00| 0 eng d
020 _a7-80610-174-8
082 _a868.71 ML-3
100 _a马仑
245 _a马仑文集
_c云里风 主编
250 _a一版一刷
260 _a中国
_b鹭江出版社
_c1995
300 _b232
490 _a东南亚华文文学大系、马来西亚卷
650 _a马华文学
942 _cBK
_o868.71 ML-3
999 _c16420
_d16410